[Event "2nd GMA World Cup prel  #3"]
[Site "Palma de Mallorca"]
[Date "1989.??.??"]
[Round "5"]
[White "Maric, Alisa"]
[Black "Westerinen, Heikki"]
[Result "1/2-1/2"]
[WhiteElo "2355"]
[BlackElo "2435"]
[EventDate "1989.12.??"]
[PlyCount "124"]

1.Nf3 d5 2.c4 dxc4 3.e3 c5 4.Bxc4 Nc6 5.d4 e6 6.O-O Nf6 7.Nc3 a6 8.Bd3 
cxd4 9.exd4 Be7 10.Bg5 h6 11.Bh4 Nd5 12.Bxe7 Ndxe7 13.Rc1 O-O 14.Be4 Qb6 
15.Na4 Qa7 16.Nc5 Rd8 17.Qa4 Rb8 18.Rfd1 Qb6 19.Ne5 Qb4 20.Nxc6 Nxc6 21.
Bxc6 bxc6 22.Qxb4 Rxb4 23.Nb3 Bb7 24.Rd2 Kf8 25.Rc5 Ke7 26.f4 Rd5 27.Kf2 
Kd6 28.Ke3 Ba8 29.Rdc2 Rbxd4 30.Rxc6+ Bxc6 31.Nxd4 Bb7 32.g3 g5 33.Rd2 
gxf4+ 34.gxf4 Kc7 35.Ne2 Rh5 36.Ng3 Ra5 37.a3 Ra4 38.Rd4 Ra5 39.Ne4 Rh5 
40.Rc4+ Kd8 41.Nd6 Bd5 42.Nxf7+ Ke8 43.Rc7 Rxh2 44.Kd4 h5 45.f5 Rd2+ 46.
Ke3 Rd1 47.Nd6+ Kd8 48.Rh7 exf5 49.Rxh5 Be6 50.Nxf5 Bxf5 51.Rxf5 Kc7 52.
Rf2 Kc6 53.Rd2 Rh1 54.Kd4 Kb5 55.Kc3 Rh3+ 56.Rd3 Rh5 57.Kb3 a5 58.a4+ Kc5 
59.Rd8 Rh3+ 60.Ka2 Kb4 61.Rb8+ Kxa4 62.b3+ Rxb3 1/2-1/2

[Event "2nd GMA World Cup prel  #3"]
[Site "Palma de Mallorca"]
[Date "1989.??.??"]
[Round "5"]
[White "Comas i Fabrego, Lluis"]
[Black "Bilek, Istvan"]
[Result "0-1"]
[WhiteElo "2335"]
[BlackElo "2420"]
[EventDate "1989.12.??"]
[PlyCount "140"]

1.d4 g6 2.c4 Bg7 3.Nc3 d6 4.e4 f5 5.exf5 Bxf5 6.Bd3 Bxd4 7.Bxf5 Bxc3+ 8.
bxc3 gxf5 9.Qh5+ Kd7 10.Qxf5+ e6 11.Qh3 Qf6 12.Ne2 Ne7 13.O-O Nbc6 14.c5 
Qf5 15.Qxf5 Nxf5 16.Rb1 b6 17.cxd6 cxd6 18.Rd1 Rac8 19.Kf1 Rhg8 20.Rb5 Na5
21.h3 d5 22.Rb4 Nc4 23.Nf4 Nfd6 24.f3 Rcf8 25.Kf2 Rf7 26.Re1 Re8 27.Kg1 
Ref8 28.Nd3 Rf5 29.Bh6 R8f6 30.Bc1 e5 31.Nb2 Kc6 32.Nxc4 Nxc4 33.Rb1 Rf7 
34.Kh2 Rd7 35.h4 Re7 36.Bg5 Ref7 37.Rbd1 Rf8 38.Bc1 R8f7 39.Rd3 Rf8 40.Kh3
R8f7 41.Red1 Rd7 42.g4 Rf8 43.h5 b5 44.g5 Rdf7 45.Kh4 e4 46.fxe4 dxe4 47.
Rd8 Rxd8 48.Rxd8 Rf1 49.g6 hxg6 50.hxg6 Rg1 51.Bg5 Ne5 52.g7 Nf3+ 53.Kh5 
Rxg5+ 54.Kh6 Kc5 55.g8=Q Rxg8 56.Rxg8 Kc4 57.Re8 Kd3 58.Kh5 e3 59.Kg4 Nd2 
60.Kg3 a5 61.Rb8 e2 62.Kf2 Ne4+ 63.Ke1 Nxc3 64.Ra8 a4 65.a3 Kc2 66.Rc8 Kb2
67.Rc5 Kb3 68.Rc8 Nb1 69.Kxe2 Nxa3 70.Kd1 Nb1 0-1

[Event "2nd GMA World Cup prel  #3"]
[Site "Palma de Mallorca"]
[Date "1989.??.??"]
[Round "5"]
[White "Donaldson-Akhmilovskaya, Elena"]
[Black "Erenska-Radzewska, Hanna"]
[Result "1-0"]
[WhiteElo "2430"]
[BlackElo "2265"]
[EventDate "1989.12.??"]
[PlyCount "121"]

1.d4 Nf6 2.c4 g6 3.Nc3 d5 4.Nf3 Bg7 5.Bg5 Ne4 6.cxd5 Nxg5 7.Nxg5 e6 8.Nf3 
exd5 9.e3 O-O 10.b4 Qd6 11.Qb3 Rd8 12.Be2 Nc6 13.a3 Ne7 14.O-O Bf5 15.Rac1
c6 16.b5 Bd7 17.bxc6 Bxc6 18.Rc2 Qc7 19.Rfc1 Qa5 20.Qb4 Qxb4 21.axb4 a6 
22.Ne1 Bf8 23.b5 axb5 24.Bxb5 Ra3 25.Rb1 Nc8 26.Bxc6 bxc6 27.Ne2 Na7 28.
Nc1 Bd6 29.Rb7 Kf8 30.g4 h6 31.Kg2 Ke8 32.Ned3 Rd7 33.Rb3 Ra5 34.Ra2 Rxa2 
35.Nxa2 Rc7 36.Nc3 Kd8 37.Rb6 Nc8 38.Ra6 Kd7 39.Na4 Ra7 40.Nac5+ Kc7 41.
Rxa7+ Nxa7 42.h4 Nc8 43.h5 gxh5 44.gxh5 Ne7 45.Kf3 Nf5 46.Ne5 Bxe5 47.dxe5
Ng7 48.Kg4 Ne6 49.Nd3 c5 50.f4 Kc6 51.Kf5 c4 52.Nc1 Kd7 53.Kf6 d4 54.exd4 
Nxf4 55.Kxf7 Kd8 56.e6 Nd5 57.Ne2 Ne7 58.Nc3 Nf5 59.d5 Nd6+ 60.Kf8 Nf5 61.
Ne4 1-0

[Event "2nd GMA World Cup prel  #3"]
[Site "Palma de Mallorca"]
[Date "1989.??.??"]
[Round "5"]
[White "Arakhamia, Ketevan"]
[Black "Ballester Sanz, Joaquin"]
[Result "1-0"]
[WhiteElo "2405"]
[BlackElo "2250"]
[EventDate "1989.12.??"]
[PlyCount "52"]

1.e4 e6 2.d4 d5 3.Nc3 Bb4 4.e5 Ne7 5.Qg4 c5 6.a3 Bxc3+ 7.bxc3 cxd4 8.Qxg7 
Rg8 9.Qxh7 Qc7 10.Ne2 Nbc6 11.f4 Bd7 12.Qd3 dxc3 13.Nxc3 a6 14.Ne2 O-O-O 
15.Rb1 Na5 16.Nd4 Nf5 17.Bd2 Nc4 18.Nxf5 exf5 19.Bb4 f6 20.exf6 Qxf4 21.f7
Rh8 22.Be2 Bb5 23.Rf1 Qh4+ 24.g3 Qh7 25.Qxf5+ Qxf5 26.Rxf5 Ne3 1-0

[Event "2nd GMA World Cup prel  #3"]
[Site "Palma de Mallorca"]
[Date "1989.??.??"]
[Round "5"]
[White "Heemskerk, Fenny"]
[Black "Spasov, Luben"]
[Result "0-1"]
[WhiteElo "2020"]
[BlackElo "2370"]
[EventDate "1989.12.??"]
[PlyCount "72"]

1.d4 Nf6 2.Nf3 e6 3.c4 c5 4.e3 b6 5.Nc3 d6 6.b3 Be7 7.Bb2 O-O 8.d5 e5 9.e4
Ne8 10.Bd3 a6 11.Qc2 Nd7 12.O-O-O Nc7 13.Kb1 Rb8 14.a4 Nf6 15.Be2 Nfe8 16.
Bd3 Bd7 17.Qe2 b5 18.cxb5 axb5 19.axb5 Rb7 20.h4 Qb8 21.Nd2 Nxb5 22.Nxb5 
Bxb5 23.Bxb5 Rxb5 24.Rc1 Nc7 25.Rc3 Rb7 26.Rg3 Rc8 27.h5 Nb5 28.Qg4 Bf8 
29.f4 c4 30.Rhh3 cxb3 31.h6 g6 32.f5 Qc7 33.Bc3 b2 34.fxg6 Na3+ 35.Ka2 
Qc4+ 36.Nxc4 b1=Q+ 0-1

[Event "2nd GMA World Cup prel  #3"]
[Site "Palma de Mallorca"]
[Date "1989.??.??"]
[Round "6"]
[White "Gurevich, Mikhail"]
[Black "Makarichev, Sergei"]
[Result "1/2-1/2"]
[WhiteElo "2640"]
[BlackElo "2510"]
[EventDate "1989.12.??"]
[PlyCount "90"]

1.d4 e6 2.c4 f5 3.Nf3 Nf6 4.Nc3 Bb4 5.Bg5 O-O 6.Rc1 d6 7.Bxf6 Qxf6 8.e3 b6
9.Be2 Bb7 10.O-O Bxc3 11.Rxc3 Nd7 12.b4 a5 13.a3 axb4 14.axb4 Ra2 15.c5 
bxc5 16.bxc5 Nxc5 17.Rc2 Rxc2 18.Qxc2 Be4 19.Qc1 Bxf3 20.gxf3 Nb7 21.Qxc7 
Rf7 22.Qc8+ Nd8 23.Qb8 d5 24.Rc1 Rb7 25.Qg3 h6 26.Kf1 Kh7 27.Bd3 Rb3 28.
Ke2 Rb2+ 29.Ke1 Rb3 30.Ke2 Rb2+ 31.Rc2 Rxc2+ 32.Bxc2 Qe7 33.Qb8 Nf7 34.Qc8
Nd6 35.Qc5 Qd7 36.Bd3 Kg6 37.Kf1 Kf7 38.Kg2 Qe7 39.Qc6 Ne8 40.e4 fxe4 41.
fxe4 dxe4 42.Bxe4 Nd6 43.f4 g5 44.Kf3 gxf4 45.Bc2 Qb7 1/2-1/2

[Event "2nd GMA World Cup prel  #3"]
[Site "Palma de Mallorca"]
[Date "1989.??.??"]
[Round "6"]
[White "Illescas Cordoba, Miguel"]
[Black "Georgiev, Kiril"]
[Result "1/2-1/2"]
[WhiteElo "2510"]
[BlackElo "2590"]
[EventDate "1989.12.??"]
[PlyCount "106"]

1.Nf3 d5 2.c4 dxc4 3.e3 Nf6 4.Bxc4 e6 5.O-O c5 6.d4 Nc6 7.Nc3 Be7 8.Qe2 
Qc7 9.Bd2 O-O 10.Rac1 Rd8 11.Bd3 Bd7 12.dxc5 Bxc5 13.Ne4 Be7 14.Bc3 Nd5 
15.Be5 Qa5 16.a3 Nxe5 17.Nxe5 Be8 18.Nc4 Qa4 19.Bc2 Qa6 20.Bd3 b5 21.Ncd2 
Rac8 22.Nf3 Qb6 23.Rxc8 Rxc8 24.Ned2 a6 25.g3 Nf6 26.Ne4 Rd8 27.Qc2 Nd5 
28.Nc3 Nxc3 29.Qxc3 Qc6 30.Qxc6 Bxc6 31.Nd4 Bb7 32.Be2 Bf6 33.Rd1 Kf8 34.
Kf1 Rc8 35.Ke1 Bd5 36.Rd2 g6 37.h4 Ke7 38.a4 bxa4 39.Bxa6 Rc5 40.Be2 e5 
41.Rc2 Rxc2 42.Nxc2 Kd6 43.Bb5 Bc6 44.Bc4 Bd5 45.Bb5 Bb3 46.Kd2 Kc5 47.Be8
Bd8 48.Na1 Ba5+ 49.Kc1 Be6 50.Nc2 a3 51.bxa3 Kc4 52.Nb4 Bxb4 53.axb4 Kxb4 
1/2-1/2

[Event "2nd GMA World Cup prel  #3"]
[Site "Palma de Mallorca"]
[Date "1989.??.??"]
[Round "6"]
[White "Dolmatov, Sergei"]
[Black "Kochiev, Alexander"]
[Result "1/2-1/2"]
[WhiteElo "2615"]
[BlackElo "2475"]
[EventDate "1989.12.??"]
[PlyCount "44"]

1.e4 c5 2.Nf3 Nc6 3.d4 cxd4 4.Nxd4 g6 5.c4 Nf6 6.Nc3 d6 7.Nc2 Bg7 8.Be2 
Nd7 9.Nd5 Nc5 10.f3 e6 11.Nf4 Qh4+ 12.g3 Qe7 13.Rb1 O-O 14.O-O a5 15.Be3 
b6 16.Qd2 Bb7 17.b3 Rad8 18.Rbd1 Rfe8 19.h4 Qf8 20.Qe1 f5 21.exf5 Qxf5 22.
Nd3 e5 1/2-1/2

[Event "2nd GMA World Cup prel  #3"]
[Site "Palma de Mallorca"]
[Date "1989.??.??"]
[Round "6"]
[White "Chernin, Alexander"]
[Black "Dizdarevic, Emir"]
[Result "1-0"]
[WhiteElo "2580"]
[BlackElo "2495"]
[EventDate "1989.12.??"]
[PlyCount "87"]

1.d4 Nf6 2.c4 e6 3.Nc3 Bb4 4.Qc2 O-O 5.a3 Bxc3+ 6.Qxc3 d6 7.Bg5 Nbd7 8.e3 
b6 9.Bd3 c5 10.Ne2 cxd4 11.Qxd4 Ba6 12.b3 d5 13.Rd1 Nc5 14.Bc2 dxc4 15.
Bxh7+ Nxh7 16.Bxd8 Nd3+ 17.Rxd3 cxd3 18.Qa4 Bb7 19.Be7 Rfc8 20.Qd7 Ba6 21.
Qa4 Bb7 22.Ng3 Bxg2 23.Kd2 Bxh1 24.Nxh1 Rc7 25.Bd6 Rc2+ 26.Kxd3 Rc1 27.Kd2
Rxh1 28.Qc6 Rd8 29.Qc7 Re8 30.Qc6 Rd8 31.Qxh1 Rxd6+ 32.Kc2 Rd5 33.h3 Nf6 
34.Qh2 e5 35.h4 Ne4 36.Qg2 Rd2+ 37.Kc1 f5 38.Qxe4 fxe4 39.Kxd2 Kf7 40.Kc3 
b5 41.Kb4 Kg6 42.Kxb5 Kh5 43.Kc4 Kxh4 44.Kd5 1-0

[Event "2nd GMA World Cup prel  #3"]
[Site "Palma de Mallorca"]
[Date "1989.??.??"]
[Round "6"]
[White "Zaichik, Gennadi"]
[Black "Malaniuk, Vladimir"]
[Result "0-1"]
[WhiteElo "2500"]
[BlackElo "2560"]
[EventDate "1989.12.??"]
[PlyCount "94"]

1.e4 e5 2.Nf3 Nc6 3.Bc4 Bc5 4.c3 Nf6 5.b4 Bb6 6.d3 d6 7.a4 a6 8.O-O O-O 9.
Ra2 h6 10.h3 Ne7 11.a5 Ba7 12.Re1 Ng6 13.Be3 Bxe3 14.Rxe3 Re8 15.d4 exd4 
16.Qxd4 Be6 17.Nbd2 d5 18.exd5 Nxd5 19.Re1 Ndf4 20.Bxe6 Nxe6 21.Qe4 c6 22.
Qf5 Ne7 23.Qc2 Nd5 24.Raa1 Qf6 25.Re5 Nef4 26.Rae1 Rxe5 27.Rxe5 Nxc3 28.
Ne4 Nxe4 29.Qxe4 Nd5 30.Ne1 Qf4 31.Re8+ Rxe8 32.Qxe8+ Kh7 33.Nd3 Qf5 34.
Nc5 Qb1+ 35.Kh2 Qxb4 36.Nd7 Qf4+ 37.Kg1 Qc1+ 38.Kh2 Qf4+ 39.Kg1 g6 40.g3 
Qf5 41.h4 Nc3 42.Qe7 Ne4 43.f4 Qd5 44.Kh2 h5 45.Qxe4 Qxd7 46.Qb4 Kg8 47.
Kg1 Qd3 0-1

[Event "2nd GMA World Cup prel  #3"]
[Site "Palma de Mallorca"]
[Date "1989.??.??"]
[Round "6"]
[White "Eingorn, Vyacheslav"]
[Black "Suba, Mihai"]
[Result "1/2-1/2"]
[WhiteElo "2560"]
[BlackElo "2500"]
[EventDate "1989.12.??"]
[PlyCount "121"]

1.d4 Nf6 2.Nf3 e6 3.c4 c5 4.e3 d5 5.cxd5 exd5 6.Bb5+ Nc6 7.O-O a6 8.Bxc6+ 
bxc6 9.Nc3 Bd6 10.Qa4 Qc7 11.e4 cxd4 12.Nxd5 Nxd5 13.exd5 O-O 14.Qxc6 Bb7 
15.Qxc7 Bxc7 16.Nxd4 Bxd5 17.Bd2 Rfd8 18.Bc3 g6 19.h3 h5 20.a3 Rac8 21.
Rfe1 Bb6 22.Rad1 Kh7 23.Nf3 Bxf3 24.gxf3 g5 25.Kg2 Kg6 26.a4 Rc6 27.a5 Bc7
28.Rxd8 Bxd8 29.f4 gxf4 30.Re4 Rc5 31.Rxf4 f5 32.Rf3 Bf6 33.Bxf6 Kxf6 34.
b4 Rc4 35.Rb3 Kg5 36.Kg3 h4+ 37.Kf3 Rc2 38.Ke3 Rc4 39.Kd2 Kf4 40.Ke1 Rc2 
41.Kf1 Rc1+ 42.Kg2 Rc4 43.Rb1 Rd4 44.Kf1 Rd3 45.Kg2 Rd4 46.b5 axb5 47.Ra1 
Rd7 48.a6 Ra7 49.Kf1 Ke4 50.Ra5 b4 51.Ke2 Kd4 52.Kd2 Ke4 53.Kd1 b3 54.Kd2 
f4 55.Ke2 b2 56.Ra4+ Kf5 57.Rb4 Rxa6 58.Rxb2 Ra3 59.Rb5+ Ke4 60.f3+ Kd4 
61.Rb4+ 1/2-1/2

[Event "2nd GMA World Cup prel  #3"]
[Site "Palma de Mallorca"]
[Date "1989.??.??"]
[Round "6"]
[White "Hector, Jonny"]
[Black "Damljanovic, Branko"]
[Result "0-1"]
[WhiteElo "2500"]
[BlackElo "2555"]
[EventDate "1989.12.??"]
[PlyCount "70"]

1.e4 c5 2.Nf3 Nc6 3.d4 cxd4 4.Nxd4 Nf6 5.Nc3 d6 6.Bc4 Qb6 7.Nde2 e6 8.O-O 
Be7 9.Bb3 Bd7 10.Bg5 Qc5 11.Be3 Qa5 12.Nd4 Nxd4 13.Bxd4 Bc6 14.Qe1 Bd8 15.
Rd1 O-O 16.f4 e5 17.fxe5 dxe5 18.Rf5 exd4 19.Rxa5 Bxa5 20.e5 Rae8 21.Qg3 
Nh5 22.Qg5 dxc3 23.bxc3 g6 24.g4 Ng7 25.Rd3 Bd8 26.Qh6 Rxe5 27.Bxf7+ Rxf7 
28.Rxd8+ Ne8 29.Qd2 Rfe7 30.h4 Re2 31.Qd4 R2e4 32.Qxa7 Rxg4+ 33.Kf2 Rf4+ 
34.Kg3 Rf3+ 35.Kg4 Re4+ 0-1

[Event "2nd GMA World Cup prel  #3"]
[Site "Palma de Mallorca"]
[Date "1989.??.??"]
[Round "6"]
[White "Kudrin, Sergei"]
[Black "Douven, Rudy"]
[Result "1-0"]
[WhiteElo "2570"]
[BlackElo "2475"]
[EventDate "1989.12.??"]
[PlyCount "101"]

1.e4 c6 2.d4 d5 3.Nc3 dxe4 4.Nxe4 Bf5 5.Ng3 Bg6 6.h4 h6 7.Nf3 Nd7 8.h5 Bh7
9.Bd3 Bxd3 10.Qxd3 e6 11.Bf4 Qa5+ 12.Bd2 Qc7 13.O-O-O Ngf6 14.Ne4 O-O-O 
15.g3 Nxe4 16.Qxe4 Nf6 17.Qe2 Bd6 18.Ne5 c5 19.Rh4 Bxe5 20.dxe5 Nd7 21.Rg4
Rhg8 22.Re1 Qc6 23.Qe4 Nb8 24.Rf4 Rd7 25.Qh7 Rgd8 26.Ba5 b6 27.Bc3 Qd5 28.
b3 b5 29.Kb1 b4 30.Bb2 f5 31.exf6 g5 32.hxg6 Rxh7 33.gxh7 e5 34.Rxe5 Qf7 
35.Re7 Qf8 36.f7 Qxe7 37.f8=Q Rxf8 38.Rxf8+ Qxf8 39.h8=Q Qxh8 40.Bxh8 h5 
41.Kc1 Kd7 42.Kd2 Ke6 43.Ke3 Kf5 44.f3 Nd7 45.Kd3 Nb6 46.Bg7 a5 47.Bf8 Nd7
48.Bd6 Ke6 49.Bc7 Kd5 50.c4+ bxc3 51.Kxc3 1-0

[Event "2nd GMA World Cup prel  #3"]
[Site "Palma de Mallorca"]
[Date "1989.??.??"]
[Round "6"]
[White "Vyzhmanavin, Alexei"]
[Black "Cebalo, Miso"]
[Result "1-0"]
[WhiteElo "2555"]
[BlackElo "2485"]
[EventDate "1989.12.??"]
[PlyCount "51"]

1.d4 Nf6 2.c4 e6 3.Nf3 Bb4+ 4.Nbd2 b6 5.e3 Bb7 6.Bd3 a5 7.O-O d6 8.e4 Nbd7
9.Nb1 d5 10.exd5 exd5 11.Nc3 O-O 12.Bg5 Be7 13.Re1 Re8 14.Qb3 c5 15.Nxd5 
Nxd5 16.cxd5 Bxg5 17.Rxe8+ Qxe8 18.Nxg5 h6 19.Ne4 cxd4 20.Nd6 Qb8 21.Nxb7 
Qxb7 22.Qc4 Nf6 23.Qxd4 Rd8 24.d6 Ne8 25.Re1 Nxd6 26.Qxd6 1-0

[Event "2nd GMA World Cup prel  #3"]
[Site "Palma de Mallorca"]
[Date "1989.??.??"]
[Round "6"]
[White "Lein, Anatoly"]
[Black "Ftacnik, Lubomir"]
[Result "0-1"]
[WhiteElo "2490"]
[BlackElo "2550"]
[EventDate "1989.12.??"]
[PlyCount "110"]

1.d4 Nf6 2.c4 g6 3.g3 Bg7 4.Bg2 d5 5.cxd5 Nxd5 6.Nf3 Nb6 7.O-O Nc6 8.e3 
O-O 9.Nc3 Re8 10.d5 Na5 11.Nd4 Bd7 12.Qe2 Qc8 13.Rd1 c5 14.Nb3 Nxb3 15.
axb3 a6 16.e4 e6 17.d6 Bc6 18.h4 Nd7 19.Be3 b6 20.h5 Qb7 21.hxg6 hxg6 22.
Qg4 Rad8 23.Bg5 f6 24.Bf4 Kf7 25.Qe2 b5 26.Qc2 f5 27.Nd5 Bxd5 28.exd5 e5 
29.Bg5 Bf6 30.Bxf6 Kxf6 31.Qc3 Qb6 32.Qa5 Qxa5 33.Rxa5 Nb8 34.Rc1 Rxd6 35.
Rxc5 e4 36.Ra1 Red8 37.f3 Rxd5 38.Rxd5 Rxd5 39.fxe4 Rd3 40.Rc1 Rxg3 41.
exf5 gxf5 42.b4 Rg4 43.Rc8 Nd7 44.Rc6+ Kg5 45.Rxa6 Rxb4 46.Rd6 Ne5 47.Rd5 
Kf4 48.Rd2 Nf3+ 49.Bxf3 Kxf3 50.Kf1 f4 51.Rf2+ Ke3 52.Kg2 Rd4 53.Rf3+ Kd2 
54.Rf2+ Kc1 55.Kf3 Rd2 0-1

[Event "2nd GMA World Cup prel  #3"]
[Site "Palma de Mallorca"]
[Date "1989.??.??"]
[Round "6"]
[White "Browne, Walter Shawn"]
[Black "Chekhov, Valery"]
[Result "1/2-1/2"]
[WhiteElo "2555"]
[BlackElo "2480"]
[EventDate "1989.12.??"]
[PlyCount "163"]

1.d4 Nf6 2.c4 g6 3.Nc3 Bg7 4.e4 d6 5.Nf3 O-O 6.Be2 e5 7.O-O Na6 8.Be3 Ng4 
9.Bg5 Qe8 10.h3 h6 11.Bc1 Nf6 12.dxe5 dxe5 13.Be3 Nd7 14.a3 c6 15.b4 f5 
16.c5 f4 17.Bc1 g5 18.Bb2 Nc7 19.Qd6 Ne6 20.Bc4 Rf6 21.Rad1 Kh7 22.Qd3 Rg6
23.g4 Nd4 24.Ne2 Nxf3+ 25.Qxf3 h5 26.Qb3 Rh6 27.f3 Nf6 28.Bf7 Qe7 29.Rd6 
hxg4 30.hxg4 Nxg4 31.fxg4 Bxg4 32.Rxh6+ Bxh6 33.Ng3 Rf8 34.Bc4 fxg3 35.
Qxg3 Rxf1+ 36.Bxf1 Bh5 37.Bxe5 Bg6 38.Bd3 g4 39.Bd4 Qd7 40.Qd6 Qf7 41.Qd8 
Bg7 42.Qh4+ Kg8 43.Bxg7 Kxg7 44.Qxg4 Qb3 45.Qd7+ Kh6 46.Qh3+ Kg7 47.Qd7+ 
Kh6 48.Kg2 Qxa3 49.Qh3+ Kg7 50.Qd7+ Kh6 51.Qd4 Qc1 52.Qh8+ Kg5 53.Qe5+ Kh6
54.Qh8+ Kg5 55.Qd8+ Kh6 56.Qf8+ Kg5 57.Qe7+ Kh6 58.Qh4+ Kg7 59.Qe7+ Kh6 
60.Qf8+ Kg5 61.Qd8+ Kh6 62.Qh4+ Kg7 63.Qg3 Qd2+ 64.Kh3 Qh6+ 65.Kg4 Qh5+ 
66.Kf4 Kf6 67.Ke3 Qg5+ 68.Qxg5+ Kxg5 69.Bf1 Kf6 70.Kd4 b6 71.e5+ Ke7 72.
Bg2 Be8 73.Bf3 Bd7 74.Bg2 Kd8 75.Bf1 Be6 76.Bg2 Kd7 77.Be4 Kc7 78.Bc2 Kb7 
79.Bd3 Kc7 80.Bb1 Kd7 81.Be4 Kc7 82.Ke3 1/2-1/2

[Event "2nd GMA World Cup prel  #3"]
[Site "Palma de Mallorca"]
[Date "1989.??.??"]
[Round "6"]
[White "Vaiser, Anatoly"]
[Black "Murshed, Niaz"]
[Result "1-0"]
[WhiteElo "2555"]
[BlackElo "2475"]
[EventDate "1989.12.??"]
[PlyCount "73"]

1.d4 d5 2.c4 e6 3.Nc3 c6 4.e4 dxe4 5.Nxe4 Nf6 6.Nxf6+ Qxf6 7.Nf3 Nd7 8.c5 
e5 9.Bc4 b5 10.Bb3 h6 11.dxe5 Qf5 12.e6 fxe6 13.O-O e5 14.Nh4 Qe4 15.Qh5+ 
Kd8 16.Ng6 Nf6 17.Qd1+ Kc7 18.Nxh8 Bf5 19.Be3 Ng4 20.Qd2 Rd8 21.Qa5+ Kc8 
22.Rad1 Rxd1 23.Rxd1 Nxe3 24.fxe3 Bxc5 25.Kh1 Bg4 26.Qd8+ Kb7 27.Rf1 Be2 
28.Re1 Bf3 29.Qd7+ Kb6 30.Qxg7 Qb4 31.Ra1 Be4 32.Nf7 Qd2 33.Nxe5 Bxe3 34.
Rd1 Qb4 35.Qg3 Bd4 36.Nd7+ Ka6 37.a3 1-0

[Event "2nd GMA World Cup prel  #3"]
[Site "Palma de Mallorca"]
[Date "1989.??.??"]
[Round "6"]
[White "Chandler, Murray Graham"]
[Black "Tseitlin, Mikhail"]
[Result "1-0"]
[WhiteElo "2585"]
[BlackElo "2445"]
[EventDate "1989.12.??"]
[PlyCount "89"]

1.e4 e6 2.d4 c5 3.d5 exd5 4.exd5 d6 5.Nf3 Nf6 6.Nc3 Be7 7.Be2 O-O 8.O-O b6
9.Re1 Na6 10.Bb5 Nb8 11.Qe2 a6 12.Qxe7 Qxe7 13.Rxe7 axb5 14.Bg5 Nbd7 15.
Nxb5 Nxd5 16.Nxd6 f6 17.Nxc8 Nxe7 18.Nxe7+ Kf7 19.Nd5 fxg5 20.Nxg5+ Kg8 
21.f3 Rae8 22.Rd1 Nf6 23.Nxb6 Re2 24.Rc1 Rd8 25.Nc4 Rd4 26.Kf1 Re7 27.b3 
h6 28.Nh3 Nd5 29.Nf2 Nc3 30.a4 Rh4 31.h3 Na2 32.Ra1 Nb4 33.c3 Nc2 34.Rc1 
Ne3+ 35.Nxe3 Rxe3 36.Ne4 c4 37.b4 Rf4 38.Nc5 Rf5 39.a5 Rd5 40.Ne4 Red3 41.
Ke2 Rb5 42.Ra1 Rd7 43.a6 Ra7 44.Nc5 Rb6 45.Ke3 1-0

[Event "2nd GMA World Cup prel  #3"]
[Site "Palma de Mallorca"]
[Date "1989.??.??"]
[Round "6"]
[White "Timoschenko, Gennady"]
[Black "Gruenfeld, Yehuda"]
[Result "1/2-1/2"]
[WhiteElo "2500"]
[BlackElo "2530"]
[EventDate "1989.12.??"]
[PlyCount "93"]

1.d4 Nf6 2.c4 e6 3.Nf3 c5 4.d5 d6 5.Nc3 exd5 6.cxd5 g6 7.Nd2 Bg7 8.e4 O-O 
9.Be2 Na6 10.O-O Nc7 11.a4 b6 12.Re1 Ba6 13.Bxa6 Nxa6 14.Nc4 Ne8 15.Bf4 
Nac7 16.e5 dxe5 17.Nxe5 Bxe5 18.Bxe5 Nd6 19.Qf3 Nce8 20.Rad1 f5 21.Ne2 Qd7
22.b3 Nf6 23.Nf4 Rae8 24.h3 Nde4 25.Bxf6 Rxf6 26.h4 Rd6 27.g3 Rc8 28.Qd3 
c4 29.bxc4 Qxa4 30.Rc1 Qd7 31.Kg2 Qf7 32.Re3 Rd7 33.f3 Nf6 34.Rce1 b5 35.
cxb5 Nxd5 36.Nxd5 Rxd5 37.Qe2 Rcd8 38.Kh3 Rd2 39.Re8+ Qxe8 40.Qxe8+ Rxe8 
41.Rxe8+ Kf7 42.Rc8 Rd7 43.h5 Kg7 44.Kh4 Kh6 45.g4 fxg4 46.fxg4 Rd5 47.
hxg6 1/2-1/2

[Event "2nd GMA World Cup prel  #3"]
[Site "Palma de Mallorca"]
[Date "1989.??.??"]
[Round "6"]
[White "Knaak, Rainer"]
[Black "Van der Wiel, John"]
[Result "1-0"]
[WhiteElo "2485"]
[BlackElo "2545"]
[EventDate "1989.12.??"]
[PlyCount "151"]

1.d4 Nf6 2.c4 e6 3.Nc3 Bb4 4.e3 c5 5.Ne2 cxd4 6.exd4 d5 7.c5 Ne4 8.Bd2 
Nxd2 9.Qxd2 Qf6 10.a3 Ba5 11.g3 Qf3 12.Rg1 Nc6 13.b4 Bc7 14.Bg2 Qf6 15.f4 
O-O 16.Rf1 Ne7 17.Rc1 Bd7 18.Rf2 Qh6 19.Kf1 Kh8 20.Kg1 f5 21.b5 a6 22.b6 
Bd8 23.Kh1 Nc6 24.Ng1 g5 25.Nf3 gxf4 26.gxf4 Be7 27.Ne2 Rg8 28.Rg1 Rg4 29.
Bf1 Rag8 30.Rfg2 Bf6 31.Qe3 R8g6 32.Qf2 Qg7 33.Rxg4 Rxg4 34.Rxg4 Qxg4 35.
Qg3 Kg7 36.Kg2 Kf8 37.Qxg4 fxg4 38.Ne5 Nxe5 39.fxe5 Bg5 40.Kf2 Ke7 41.Kg3 
Bd2 42.Kxg4 a5 43.Kf3 a4 44.Bh3 Bc6 45.Bg4 Bb5 46.h4 Bc6 47.h5 h6 48.Bh3 
Be8 49.Bg4 Bc6 50.Bh3 Be8 51.Nf4 Bc6 52.Ng6+ Kf7 53.Nf4 Ke7 54.Nxe6 Bc1 
55.Nf4 Bxa3 56.Nd3 Bb2 57.Ke3 Bc3 58.Bg2 a3 59.Nc1 Bb4 60.Na2 Ba5 61.Bf3 
Ke6 62.Bg4+ Kf7 63.Bd1 Ke6 64.Bb3 Kf5 65.Nc1 Bc3 66.Ne2 Bb2 67.Kd3 Bb5+ 
68.Kd2 Ke4 69.Bc2+ Kf3 70.Bb1 Bxe2 71.c6 Bxd4 72.c7 Be3+ 73.Kc2 d4 74.c8=Q
d3+ 75.Kb3 d2 76.Bc2 1-0

[Event "2nd GMA World Cup prel  #3"]
[Site "Palma de Mallorca"]
[Date "1989.??.??"]
[Round "6"]
[White "King, Daniel John"]
[Black "Todorcevic, Miodrag"]
[Result "1-0"]
[WhiteElo "2495"]
[BlackElo "2530"]
[EventDate "1989.12.??"]
[PlyCount "107"]

1.e4 g6 2.d4 Bg7 3.Nc3 d6 4.f4 c6 5.Nf3 Bg4 6.Be3 Qb6 7.Qd2 Bxf3 8.gxf3 
Nd7 9.O-O-O Qa5 10.Kb1 b5 11.f5 b4 12.Ne2 Ngf6 13.Bh6 Bxh6 14.Qxh6 gxf5 
15.Ng3 fxe4 16.fxe4 Rg8 17.Qe3 e6 18.Bd3 Qg5 19.Qf3 Ng4 20.e5 d5 21.Bxh7 
Rg7 22.Bd3 Nxh2 23.Rxh2 Qxg3 24.Rh8+ Nf8 25.Qe2 Qg4 26.Qe1 a5 27.Be2 Qg5 
28.c3 Qe3 29.cxb4 Qe4+ 30.Ka1 Rg2 31.Bf1 Qxe1 32.Rxe1 Rd2 33.b5 cxb5 34.
Bxb5+ Ke7 35.Rc1 Rc8 36.Rhh1 Rxc1+ 37.Rxc1 Rxd4 38.a4 Ng6 39.Rc7+ Kf8 40.
Ra7 Nxe5 41.Rxa5 Rb4 42.Ka2 Nc4 43.Ra8+ Ke7 44.b3 Nd2 45.Ra7+ Kf6 46.Rc7 
e5 47.Rc2 Nf3 48.Rf2 e4 49.Ka3 Rxb5 50.axb5 Ke6 51.b6 Kd6 52.Rc2 Ne5 53.b7
Nd7 54.Rc8 1-0

[Event "2nd GMA World Cup prel  #3"]
[Site "Palma de Mallorca"]
[Date "1989.??.??"]
[Round "6"]
[White "Razuvaev, Yury"]
[Black "Klinger, Josef"]
[Result "0-1"]
[WhiteElo "2545"]
[BlackElo "2475"]
[EventDate "1989.12.??"]
[PlyCount "58"]

1.d4 e6 2.c4 f5 3.Nf3 Nf6 4.g3 d5 5.Bg2 c6 6.O-O Bd6 7.b3 Qe7 8.Bb2 b6 9.
Ne5 Bb7 10.Nd2 O-O 11.Rc1 c5 12.e3 Na6 13.Qe2 Rac8 14.Ndf3 Nb4 15.dxc5 
bxc5 16.a3 Nc6 17.Nxc6 Rxc6 18.Ne5 Rb6 19.Qc2 d4 20.exd4 Bxg2 21.Kxg2 Qb7+
22.Kg1 Rxb3 23.Ba1 Bxe5 24.dxe5 Ne4 25.h4 Rd8 26.Rcd1 Rxd1 27.Rxd1 Nxg3 
28.Kh2 Qf3 29.Qd2 Nf1+ 0-1

[Event "2nd GMA World Cup prel  #3"]
[Site "Palma de Mallorca"]
[Date "1989.??.??"]
[Round "6"]
[White "Wojtkiewicz, Aleksander"]
[Black "Olafsson, Helgi"]
[Result "1-0"]
[WhiteElo "2475"]
[BlackElo "2545"]
[EventDate "1989.12.??"]
[PlyCount "123"]

1.Nf3 c5 2.g3 g6 3.Bg2 Bg7 4.c4 Nc6 5.Nc3 d6 6.a3 Nf6 7.O-O O-O 8.d3 Bg4 
9.Rb1 a5 10.h3 Bd7 11.Bg5 Rb8 12.Qd2 Ne8 13.Bh6 Nc7 14.Bxg7 Kxg7 15.d4 
cxd4 16.Nxd4 Nxd4 17.Qxd4+ Kg8 18.a4 Bc6 19.Rfd1 Ne6 20.Qe3 Nc5 21.b3 Bxg2
22.Kxg2 b6 23.Nd5 Rb7 24.Rd4 e6 25.Nc3 Rd7 26.Qd2 Qe7 27.Qc2 f5 28.e3 Na6 
29.Rbd1 Nb4 30.Qe2 Rfd8 31.e4 Nc6 32.R4d2 fxe4 33.Qxe4 d5 34.cxd5 exd5 35.
Rxd5 Rxd5 36.Rxd5 Qxe4+ 37.Nxe4 Rxd5 38.Nf6+ Kf7 39.Nxd5 Ke6 40.Nxb6 Nd4 
41.f4 Kf5 42.Nc4 Nxb3 43.Kf3 h5 44.Ke3 g5 45.fxg5 Kxg5 46.Nd2 Nc1 47.Nf3+ 
Kf6 48.Nd4 Na2 49.Kd3 Nb4+ 50.Ke4 Na2 51.Ne2 Kg5 52.Kd4 Kf5 53.Nc3 Nc1 54.
Kc5 Ke5 55.Kc4 Kf5 56.Kb5 Nb3 57.Kc4 Nc1 58.Nb5 Ke4 59.Nd6+ Ke3 60.Nf5+ 
Kf3 61.Kb5 Nb3 62.Kb6 1-0

[Event "2nd GMA World Cup prel  #3"]
[Site "Palma de Mallorca"]
[Date "1989.??.??"]
[Round "6"]
[White "Hansen, Curt"]
[Black "Kuzmin, Gennady"]
[Result "1/2-1/2"]
[WhiteElo "2525"]
[BlackElo "2495"]
[EventDate "1989.12.??"]
[PlyCount "46"]

1.c4 Nf6 2.Nc3 g6 3.g3 Bg7 4.Bg2 O-O 5.Nf3 d6 6.d4 c6 7.O-O Bf5 8.Nh4 Be6 
9.d5 cxd5 10.cxd5 Bd7 11.Be3 Na6 12.Bd4 Nc7 13.e4 e5 14.dxe6 Nxe6 15.Be3 
Bc6 16.Rc1 Re8 17.Re1 a5 18.h3 a4 19.Nd5 Nc5 20.Bxc5 dxc5 21.Rxc5 Nxd5 22.
exd5 Rxe1+ 23.Qxe1 Bd7 1/2-1/2

[Event "2nd GMA World Cup prel  #3"]
[Site "Palma de Mallorca"]
[Date "1989.??.??"]
[Round "6"]
[White "Mohr, Stefan"]
[Black "Velimirovic, Dragoljub"]
[Result "0-1"]
[WhiteElo "2485"]
[BlackElo "2535"]
[EventDate "1989.12.??"]
[PlyCount "80"]

1.d4 Nf6 2.c4 c5 3.d5 g6 4.Nc3 Bg7 5.e4 O-O 6.Be2 d6 7.Bg5 Qa5 8.Bd2 e6 9.
Nf3 exd5 10.exd5 Bg4 11.O-O Qc7 12.h3 Bxf3 13.Bxf3 Nbd7 14.Qc2 Rfe8 15.
Rae1 a6 16.a4 Rxe1 17.Rxe1 Re8 18.Rf1 Qd8 19.b3 h5 20.Bd1 Qe7 21.g3 Nh7 
22.Kg2 f5 23.f4 Bd4 24.Re1 Qf7 25.Rxe8+ Qxe8 26.Qd3 Nhf6 27.Bf3 Qe7 28.g4 
hxg4 29.hxg4 Qh7 30.g5 Ne8 31.Ne2 Bh8 32.Qe3 Nc7 33.a5 Kf8 34.b4 Qe7 35.
Qb3 cxb4 36.Bxb4 Ne8 37.Bc3 Nc5 38.Qc2 Bg7 39.Nd4 Qe3 40.Nxf5 Qxc3 0-1